000 01005cam a2200277 a 4500
005 20260322212016.0
008 data
010 _a 2002108918
020 _a1930665628 (pbk.)
020 _a9781930665620 (pbk.)
040 _aDLC
_cDLC
_dDLC
043 _an-us---
050 0 0 _aHV6570.2
_b.G78 2002
092 _a362.76 G78 2002
100 1 _aGrubman-Black, Stephen D.
245 1 0 _aBroken boys/mending men :
_brecovery from childhood sexual abuse /
_cStephen D. Grubman-Black.
260 _aCaldwell, N.J. :
_bBlackburn Press,
_cc2002.
300 _axii, 168 p. ;
_c21 cm.
500 _aOriginally published: Bradenton, Fla. : Human Services Institute ; Blue Ridge Summit, PA : Tab Books, c1990.
504 _aIncludes bibliographical references (p. [165]-168).
650 0 _aAdult child sexual abuse victims
_xPsychology.
650 0 _aSexually abused boys
_xPsychology.
650 0 _aMale sexual abuse victims
_xPsychology.
650 0 _aBoys
_xAbuse of
_zUnited States
_vCase studies.
001 data
999 _c352
_d352